LEADER 03920oam 2200541I 450 001 9910964290303321 005 20251116185409.0 010 $a0-429-26400-3 010 $a0-429-55903-8 035 $a(CKB)4100000010671494 035 $a(MiAaPQ)EBC6134577 035 $a(OCoLC)1145607786 035 $a(OCoLC-P)1145607786 035 $a(FlBoTFG)9780429264009 035 $a(EXLCZ)994100000010671494 100 $a20200321d2020 uy 0 101 0 $aeng 135 $aurcnu---unuuu 181 $ctxt$2rdacontent 182 $cc$2rdamedia 183 $acr$2rdacarrier 200 00$aHate Speech in Asia and Europe $eBeyond Hate and Fear /$fedited by Myungkoo Kang, Marie-Orange Rive? Lasan 205 $a1st ed. 210 1$aAbingdon, Oxon :$cRoutledge,$d2020. 215 $a1 online resource (207 pages) 225 1 $aRoutledge contemporary Asia series 311 08$a1-03-223810-0 311 08$a0-367-20900-4 327 $aCover -- Half Title -- Series Page -- Title Page -- Copyright Page -- Contents -- List of figures and tables -- List of contributors -- 1 Introduction: how would Asia and Europe go beyond the hate speech? -- SECTION 1 Current state of hate speech -- 2 Meta-analysis on hate speech studies in South Korea -- 3 Hate speech in Japan: Patriotic women, nation and love of country -- 4 Banal misogyny: inventing the myth of "women cannot drive" and its online hate speech in South Korea -- 5 Caricature as a form of hate speech? the example of the diffusion of French "atomic humour" in Japan -- 6 Hate and threat in French jihadist discourse -- SECTION 2 Countering and reforming hate speech -- 7 Dialogues and diversity in Korea, Japan and France: the contribution of international law to hate speech legislation in national and transnational contexts -- 8 When hate becomes illegal: legislation processes of the anti-hate speech law in Japan -- 9 Free marketplace of ideas: applying the approach of the UN Human Rights Committee and the European Court of Human Rights in Philippine internet hate speech cases -- 10 Can strategic human rights litigation complement social movements? a case study of the movement against racism and hate speech in Japan -- Index. 330 $aThis edited collection provides a timely review of the current state of hate speech research in Asia and Europe, through the comparative examples of Korea, Japan and France. Extending the study of hate speech studies beyond the largely western emphasis on European and US contexts dominant in the field, this book's comparative framework aims to examine hate speech as a global phenomenon spanning Asian and European contexts. An innovative range of nuanced empirical case studies explore hate speech by analyzing gendered hate speech and nationality, French cartoon humour, official counter radicalization narratives and the use of international law to inform domestic legislation in the Philippines and Japan. A fresh perspective on Asian and European hate speech, this book's evaluation of current of hate speech research also identifies future directions for the development of theory and method. Filling a critical gap in the literature, Hate Speech in Asia and Europe will appeal to students and scholars of law, politics, religion, history, social policy and social science more broadly, as well as Asian Studies. 410 0$aRoutledge contemporary Asia series. 606 $aHate speech$zEurope 606 $aHate speech$zAsia 606 $aHate speech 615 0$aHate speech 615 0$aHate speech 615 0$aHate speech. 676 $a306.766014 702 $aKang$b Myo?ng-gu$f1953- 702 $aRive?-Lasan$b Marie-Orange$f1966- 702 $aKim$b U-ja 702 $aHall$b Philippa 801 0$bOCoLC-P 801 1$bOCoLC-P 906 $aBOOK 912 $a9910964290303321 996 $aHate Speech in Asia and Europe$94497191 997 $aUNINA